[Event "FIDE Online-ch U10 Girls 2020"]
[Site "Online"]
[Date "2020.12.19"]
[Round "1.2"]
[White "Preobrazhenskaya, Diana"]
[Black "Mollo Figueroa, Nicole"]
[Result "1-0"]
[WhiteElo "1629"]
[BlackElo "1141"]
[Annotator "NA"]
[PlyCount "45"]
[EventDate "2020.12.18"]
[EventType "k.o."]
[EventCountry "NET"]
[SourceTitle "playchess.com"]
[Source "ChessBase"]
[SourceQuality "1"]

1. e4 {[%emt 0:00:03]} c5 {[%emt 0:00:11]} 2. Nf3 {[%emt 0:00:03]} d6 {[%emt 0:00:17]} 3. Nc3 {[%emt 0:00:02]} Nc6 {[%emt 0:00:10]} 4. d4 {[%emt 0:00:38]} cxd4 {[%emt 0:00:05]} 5. Nxd4 {[%emt 0:00:03]} Nf6 {[%emt 0:00:12]} 6. Be2 {[%emt 0:00:49]} e6 {[%emt 0:00:12]} 7. O-O {[%emt 0:00:17]} Be7 {[%emt 0:00:04]} 8. Be3 {[%emt 0:00:06]} O-O {[%emt 0:00:09]} 9. Nb3 {[%emt 0:00:07]} a6 {[%emt 0:00:13]} 10. f4 {[%emt 0:00:28]} b5 {[%emt 0:00:18]} 11. Bf3 {[%emt 0:00:11]} Bb7 {[%emt 0:01:10]} 12. Qe2 {[%emt 0:02:18]} Rc8 {[%emt 0:00:07]} 13. e5 {[%emt 0:00:26]} Nd7 {[%emt 0:00:41]} 14. exd6 {[%emt 0:00:49]} Bxd6 {[%emt 0:00:13]} 15. Rad1 {[%emt 0:00:30]} Qc7 {[%emt 0:00:05]} 16. Qd2 {[%emt 0:00:45]} Nf6 {[%emt 0:02:34]} 17. Qxd6 {[%emt 0:00:38]} Qxd6 {[%emt 0:00:10]} 18. Rxd6 {[%emt 0:00:03]} Rfd8 {[%emt 0:00:19]} 19. Rfd1 {[%emt 0:00:40]} Rxd6 {[%emt 0:04:25]} 20. Rxd6 {[%emt 0:00:04]} h6 {[%emt 0:01:54]} 21. Nc5 {[%emt 0:00:16]} Ba8 {[%emt 0:02:31]} 22. a3 {[%emt 0:02:51]} Ne8 {[%emt 0:02:24]} 23. Rd7 {[%emt 0:00:57]} 1-0

[Event "FIDE Online-ch U10 Girls 2020"]
[Site "Online"]
[Date "2020.12.19"]
[Round "1.2"]
[White "Merkulova, Viktoria"]
[Black "Shreya G Hipparagi"]
[Result "0-1"]
[WhiteElo "1417"]
[BlackElo "1273"]
[Annotator "NA"]
[PlyCount "184"]
[EventDate "2020.12.18"]
[EventType "k.o."]
[EventCountry "NET"]
[SourceTitle "playchess.com"]
[Source "ChessBase"]
[SourceQuality "1"]

1. e4 {[%emt 0:00:00]} e5 {[%emt 0:00:04]} 2. Nf3 {[%emt 0:00:04]} Nc6 {[%emt 0:00:02]} 3. Bb5 {[%emt 0:00:06]} a6 {[%emt 0:00:03]} 4. Ba4 {[%emt 0:00:04]} Nf6 {[%emt 0:00:02]} 5. O-O {[%emt 0:00:03]} d6 {[%emt 0:00:03]} 6. c3 {[%emt 0:00:04]} Bg4 {[%emt 0:00:03]} 7. h3 {[%emt 0:00:15]} Bh5 {[%emt 0:00:02]} 8. Re1 {[%emt 0:00:08]} Be7 {[%emt 0:00:04]} 9. d3 {[%emt 0:00:02]} h6 {[%emt 0:00:05]} 10. Nbd2 {[%emt 0:00:08]} b5 {[%emt 0:00:10]} 11. Bb3 {[%emt 0:00:04]} Na5 {[%emt 0:00:06]} 12. Bc2 {[%emt 0:00:03]} c5 {[%emt 0:00:02]} 13. Nf1 {[%emt 0:00:04]} Nc6 {[%emt 0:00:05]} 14. Ng3 {[%emt 0:00:03]} Bxf3 {[%emt 0:00:21]} 15. Qxf3 {[%emt 0:00:06]} g6 {[%emt 0:00:14]} 16. Be3 {[%emt 0:00:46]} h5 {[%emt 0:00:14]} 17. Qd1 {[%emt 0:01:17]} h4 {[%emt 0:00:11]} 18. Ne2 {[%emt 0:00:06]} Nh5 {[%emt 0:00:11]} 19. d4 {[%emt 0:00:07]} c4 {[%emt 0:01:26]} 20. b3 {[%emt 0:00:38]} cxb3 {[%emt 0:01:04]} 21. Bxb3 {[%emt 0:00:07]} Rc8 {[%emt 0:00:31]} 22. a4 {[%emt 0:01:27]} Bg5 {[%emt 0:01:19]} 23. Qd2 {[%emt 0:00:54]} Bxe3 {[%emt 0:00:28]} 24. Qxe3 {[%emt 0:00:06]} O-O {[%emt 0:00:24]} 25. Rad1 {[%emt 0:01:04]} Qf6 {[%emt 0:00:37]} 26. axb5 {[%emt 0:01:06]} axb5 {[%emt 0:00:09]} 27. Bd5 {[%emt 0:01:52]} Ne7 {[%emt 0:00:39]} 28. Bb3 {[%emt 0:00:34]} Nc6 {[%emt 0:00:05]} 29. Qd3 {[%emt 0:01:01]} Rb8 {[%emt 0:00:46]} 30. dxe5 {[%emt 0:00:40]} dxe5 {[%emt 0:00:16]} 31. Bd5 {[%emt 0:00:33]} Ne7 {[%emt 0:00:20]} 32. Rb1 {[%emt 0:00:14]} Qb6 {[%emt 0:02:15]} 33. Ba2 {[%emt 0:01:24]} Rfd8 {[%emt 0:00:45]} 34. Qf3 {[%emt 0:00:13]} Qf6 {[%emt 0:00:14]} 35. Qe3 {[%emt 0:00:18]} Qb6 {[%emt 0:01:48]} 36. Qh6 {[%emt 0:00:39]} Rd6 {[%emt 0:01:18]} 37. Qg5 {[%emt 0:00:35]} Rf6 {[%emt 0:00:31]} 38. Qxh4 {[%emt 0:00:42]} Qc6 {[%emt 0:01:04]} 39. Rb4 {[%emt 0:01:24]} Qd6 {[%emt 0:00:59]} 40. Qg5 {[%emt 0:00:32]} Nc6 {[%emt 0:00:19]} 41. Rbb1 {[%emt 0:00:11]} b4 {[%emt 0:00:51]} 42. c4 {[%emt 0:01:17]} Na5 {[%emt 0:00:19]} 43. Qe3 {[%emt 0:00:40]} Qc7 {[%emt 0:00:35]} 44. Rec1 {[%emt 0:00:26]} Rfb6 {[%emt 0:00:11]} 45. c5 {[%emt 0:00:02]} Rb5 {[%emt 0:00:10]} 46. Bd5 {[%emt 0:00:09]} Nf6 {[%emt 0:00:14]} 47. Ng3 {[%emt 0:00:13]} Qe7 {[%emt 0:00:37]} 48. Kh2 {[%emt 0:00:10]} b3 {[%emt 0:00:04]} 49. Qc3 {[%emt 0:00:09]} b2 {[%emt 0:00:08]} 50. Bc4 {[%emt 0:00:06]} bxc1=Q {[%emt 0:00:07]} 51. Rxc1 {[%emt 0:00:05]} Nxc4 {[%emt 0:00:02]} 52. Qxc4 {[%emt 0:00:02]} Nh5 {[%emt 0:00:04]} 53. Nxh5 {[%emt 0:00:07]} gxh5 {[%emt 0:00:03]} 54. c6 {[%emt 0:00:02]} Rb4 {[%emt 0:00:18]} 55. c7 {[%emt 0:00:10]} Rc8 {[%emt 0:00:12]} 56. Qc6 {[%emt 0:00:14]} Qe6 {[%emt 0:00:19]} 57. Qc5 {[%emt 0:00:14]} Rb7 {[%emt 0:00:14]} 58. g3 {[%emt 0:00:06]} Rbxc7 {[%emt 0:00:06]} 59. Qxc7 {[%emt 0:00:05]} Rxc7 {[%emt 0:00:01]} 60. Rxc7 {[%emt 0:00:02]} Qb6 {[%emt 0:00:03]} 61. Rc2 {[%emt 0:00:04]} Qd4 {[%emt 0:00:05]} 62. Re2 {[%emt 0:00:02]} Qd3 {[%emt 0:00:05]} 63. Re3 {[%emt 0:00:02]} Qd2 {[%emt 0:00:01]} 64. Kg2 {[%emt 0:00:02]} Kg7 {[%emt 0:00:02]} 65. h4 {[%emt 0:00:03]} Kg6 {[%emt 0:00:02]} 66. Rf3 {[%emt 0:00:13]} Qd4 {[%emt 0:00:08]} 67. Re3 {[%emt 0:00:03]} f5 {[%emt 0:00:03]} 68. exf5+ {[%emt 0:00:11]} Kxf5 {[%emt 0:00:02]} 69. Rf3+ {[%emt 0:00:01]} Kg6 {[%emt 0:00:04]} 70. Re3 {[%emt 0:00:03]} e4 {[%emt 0:00:03]} 71. Kh2 {[%emt 0:00:08]} Kf5 {[%emt 0:00:09]} 72. Kg2 {[%emt 0:00:04]} Qc4 {[%emt 0:00:15]} 73. Ra3 {[%emt 0:00:09]} Qc2 {[%emt 0:00:12]} 74. Ra5+ {[%emt 0:00:05]} Ke6 {[%emt 0:00:03]} 75. Ra3 {[%emt 0:00:09]} Kd5 {[%emt 0:00:03]} 76. Re3 {[%emt 0:00:08]} Kd4 {[%emt 0:00:06]} 77. Ra3 {[%emt 0:00:06]} Qd1 {[%emt 0:00:09]} 78. Re3 {[%emt 0:00:12]} Qd2 {[%emt 0:00:04]} 79. Ra3 {[%emt 0:00:04]} Qc1 {[%emt 0:00:06]} 80. Rb3 {[%emt 0:00:06]} Qc2 {[%emt 0:00:12]} 81. Re3 {[%emt 0:00:04]} Qd3 {[%emt 0:00:27]} 82. Rxd3+ {[%emt 0:00:12]} exd3 {[%emt 0:00:02]} 83. Kf1 {[%emt 0:00:05]} Kc3 {[%emt 0:00:02]} 84. f4 {[%emt 0:00:05]} d2 {[%emt 0:00:02]} 85. Ke2 {[%emt 0:00:04]} Kc2 {[%emt 0:00:02]} 86. f5 {[%emt 0:00:03]} d1=Q+ {[%emt 0:00:03]} 87. Ke3 {[%emt 0:00:01]} Qg4 {[%emt 0:00:02]} 88. f6 {[%emt 0:00:03]} Qxg3+ {[%emt 0:00:02]} 89. Ke4 {[%emt 0:00:02]} Qxh4+ {[%emt 0:00:02]} 90. Kf5 {[%emt 0:00:02]} Qxf6+ {[%emt 0:00:01]} 91. Kxf6 {[%emt 0:00:03]} h4 {[%emt 0:00:02]} 92. Kg5 {[%emt 0:00:04]} h3 {[%emt 0:00:01]} 0-1

[Event "FIDE Online-ch U10 Girls 2020"]
[Site "Online"]
[Date "2020.12.19"]
[Round "1.2"]
[White "Ramoul, Naila Nour"]
[Black "Kaliakhmet, Elnaz"]
[Result "0-1"]
[WhiteElo "1334"]
[BlackElo "1426"]
[Annotator "NA"]
[PlyCount "136"]
[EventDate "2020.12.18"]
[EventType "k.o."]
[EventCountry "NET"]
[SourceTitle "playchess.com"]
[Source "ChessBase"]
[SourceQuality "1"]

1. e4 {[%emt 0:00:00]} c5 {[%emt 0:00:03]} 2. Nf3 {[%emt 0:00:03]} e6 {[%emt 0:00:02]} 3. d4 {[%emt 0:00:02]} cxd4 {[%emt 0:00:02]} 4. Nxd4 {[%emt 0:00:02]} a6 {[%emt 0:00:02]} 5. Nc3 {[%emt 0:00:02]} Qc7 {[%emt 0:00:05]} 6. Bd3 {[%emt 0:00:04]} Nf6 {[%emt 0:00:05]} 7. Qe2 {[%emt 0:00:06]} d6 {[%emt 0:00:29]} 8. O-O {[%emt 0:00:10]} Be7 {[%emt 0:00:04]} 9. Be3 {[%emt 0:00:15]} Nbd7 {[%emt 0:00:09]} 10. Rad1 {[%emt 0:00:11]} O-O {[%emt 0:00:10]} 11. Qf3 {[%emt 0:00:59]} b5 {[%emt 0:00:29]} 12. Rd2 {[%emt 0:01:23]} Bb7 {[%emt 0:00:05]} 13. Rfd1 {[%emt 0:00:12]} Ne5 {[%emt 0:00:09]} 14. Qe2 {[%emt 0:01:26]} Neg4 {[%emt 0:01:16]} 15. h3 {[%emt 0:01:07]} Nxe3 {[%emt 0:00:06]} 16. Qxe3 {[%emt 0:00:04]} Rad8 {[%emt 0:02:04]} 17. a3 {[%emt 0:00:31]} Nd7 {[%emt 0:00:44]} 18. Be2 {[%emt 0:00:22]} Ne5 {[%emt 0:00:19]} 19. f4 {[%emt 0:00:35]} Nc6 {[%emt 0:01:58]} 20. Nf3 {[%emt 0:01:03]} Bf6 {[%emt 0:03:04]} 21. Kh1 {[%emt 0:00:24]} Rfe8 {[%emt 0:00:35]} 22. Qf2 {[%emt 0:00:23]} Na5 {[%emt 0:00:33]} 23. Rd3 {[%emt 0:01:04]} Nc4 {[%emt 0:00:28]} 24. Rb1 {[%emt 0:01:09]} Nxb2 {[%emt 0:00:29]} 25. Rxb2 {[%emt 0:00:39]} Bxc3 {[%emt 0:00:05]} 26. Rb3 {[%emt 0:00:06]} Bf6 {[%emt 0:00:04]} 27. Nd2 {[%emt 0:00:15]} Qc5 {[%emt 0:00:23]} 28. Qg3 {[%emt 0:00:38]} Qxc2 {[%emt 0:00:30]} 29. e5 {[%emt 0:01:49]} dxe5 {[%emt 0:00:09]} 30. Rbc3 {[%emt 0:00:50]} Rxd3 {[%emt 0:00:26]} 31. Rxd3 {[%emt 0:00:21]} exf4 {[%emt 0:00:09]} 32. Qxf4 {[%emt 0:00:10]} Qc1+ {[%emt 0:00:07]} 33. Kh2 {[%emt 0:00:07]} Qc5 {[%emt 0:00:04]} 34. Qf1 {[%emt 0:00:56]} Be5+ {[%emt 0:00:12]} 35. Kh1 {[%emt 0:00:03]} Qc6 {[%emt 0:00:22]} 36. Bf3 {[%emt 0:00:14]} Qc7 {[%emt 0:00:05]} 37. Bh5 {[%emt 0:00:33]} g6 {[%emt 0:00:13]} 38. Be2 {[%emt 0:00:04]} Rc8 {[%emt 0:00:09]} 39. Nf3 {[%emt 0:00:16]} Bxf3 {[%emt 0:00:04]} 40. Bxf3 {[%emt 0:00:39]} Kg7 {[%emt 0:00:14]} 41. Qe2 {[%emt 0:00:32]} Qc1+ {[%emt 0:00:12]} 42. Rd1 {[%emt 0:00:07]} Qf4 {[%emt 0:00:05]} 43. g4 {[%emt 0:00:23]} Rc3 {[%emt 0:00:12]} 44. Rf1 {[%emt 0:00:21]} Qg3 {[%emt 0:00:21]} 45. Qg2 {[%emt 0:00:41]} Qxg2+ {[%emt 0:00:06]} 46. Bxg2 {[%emt 0:00:02]} Rxa3 {[%emt 0:00:03]} 47. Re1 {[%emt 0:00:07]} Bg3 {[%emt 0:00:06]} 48. Rf1 {[%emt 0:00:06]} b4 {[%emt 0:00:04]} 49. Rb1 {[%emt 0:00:06]} b3 {[%emt 0:00:13]} 50. Rb2 {[%emt 0:00:28]} Ra1+ {[%emt 0:00:03]} 51. Bf1 {[%emt 0:00:05]} Rxf1+ {[%emt 0:00:02]} 52. Kg2 {[%emt 0:00:01]} Rf2+ {[%emt 0:00:02]} 53. Rxf2 {[%emt 0:00:13]} Bxf2 {[%emt 0:00:05]} 54. Kxf2 {[%emt 0:00:02]} b2 {[%emt 0:00:01]} 55. Kf3 {[%emt 0:00:04]} b1=Q {[%emt 0:00:03]} 56. h4 {[%emt 0:00:03]} a5 {[%emt 0:00:06]} 57. h5 {[%emt 0:00:02]} a4 {[%emt 0:00:02]} 58. h6+ {[%emt 0:00:12]} Kg8 {[%emt 0:00:05]} 59. g5 {[%emt 0:00:09]} a3 {[%emt 0:00:04]} 60. Ke3 {[%emt 0:00:07]} a2 {[%emt 0:00:02]} 61. Kd4 {[%emt 0:00:03]} a1=Q+ {[%emt 0:00:03]} 62. Kc4 {[%emt 0:00:08]} Qa6+ {[%emt 0:00:04]} 63. Kc5 {[%emt 0:00:09]} Qc8+ {[%emt 0:00:03]} 64. Kd4 {[%emt 0:00:02]} Qd1+ {[%emt 0:00:02]} 65. Ke4 {[%emt 0:00:06]} Qc4+ {[%emt 0:00:02]} 66. Ke5 {[%emt 0:00:07]} Qdd5+ {[%emt 0:00:04]} 67. Kf6 {[%emt 0:00:04]} Qd8+ {[%emt 0:00:14]} 68. Ke5 {[%emt 0:00:07]} Qcd4# {[%emt 0:00:02]} 0-1

[Event "FIDE Online-ch U10 Girls 2020"]
[Site "Online"]
[Date "2020.12.19"]
[Round "1.2"]
[White "Bashirli, Saadat"]
[Black "Yousefian, Maedeh"]
[Result "1-0"]
[WhiteElo "1320"]
[BlackElo "1471"]
[Annotator "NA"]
[PlyCount "103"]
[EventDate "2020.12.18"]
[EventType "k.o."]
[EventCountry "NET"]
[SourceTitle "playchess.com"]
[Source "ChessBase"]
[SourceQuality "1"]

1. d4 {[%emt 0:00:00]} Nf6 {[%emt 0:00:03]} 2. Bg5 {[%emt 0:00:05]} e6 {[%emt 0:00:03]} 3. e4 {[%emt 0:00:03]} Be7 {[%emt 0:00:09]} 4. Bd3 {[%emt 0:00:04]} h6 {[%emt 0:00:12]} 5. Be3 {[%emt 0:00:07]} b6 {[%emt 0:00:10]} 6. h3 {[%emt 0:00:05]} Bb7 {[%emt 0:00:03]} 7. Nd2 {[%emt 0:00:27]} d6 {[%emt 0:00:11]} 8. Ngf3 {[%emt 0:00:10]} Nbd7 {[%emt 0:00:12]} 9. O-O {[%emt 0:00:06]} O-O {[%emt 0:00:02]} 10. Re1 {[%emt 0:00:08]} c5 {[%emt 0:00:04]} 11. c3 {[%emt 0:00:05]} a6 {[%emt 0:01:13]} 12. Bb1 {[%emt 0:00:24]} e5 {[%emt 0:00:07]} 13. Qc2 {[%emt 0:00:40]} Rc8 {[%emt 0:00:27]} 14. Qd1 {[%emt 0:00:20]} b5 {[%emt 0:00:41]} 15. a3 {[%emt 0:00:24]} c4 {[%emt 0:00:47]} 16. a4 {[%emt 0:00:55]} Qc7 {[%emt 0:00:31]} 17. dxe5 {[%emt 0:01:35]} dxe5 {[%emt 0:00:08]} 18. Qc2 {[%emt 0:00:34]} Ba3 {[%emt 0:00:22]} 19. Rxa3 {[%emt 0:00:33]} Rfd8 {[%emt 0:00:12]} 20. a5 {[%emt 0:00:22]} Nf8 {[%emt 0:01:01]} 21. Bb6 {[%emt 0:00:09]} Qd6 {[%emt 0:00:09]} 22. Bxd8 {[%emt 0:00:04]} Rxd8 {[%emt 0:00:03]} 23. Ra1 {[%emt 0:00:34]} Ne6 {[%emt 0:00:13]} 24. g3 {[%emt 0:00:30]} Nh7 {[%emt 0:00:38]} 25. Ba2 {[%emt 0:00:15]} Nhg5 {[%emt 0:00:05]} 26. Kg2 {[%emt 0:00:11]} f5 {[%emt 0:02:01]} 27. Rad1 {[%emt 0:00:39]} Qc7 {[%emt 0:01:16]} 28. Nxg5 {[%emt 0:01:16]} Nxg5 {[%emt 0:00:16]} 29. f3 {[%emt 0:00:33]} f4 {[%emt 0:00:58]} 30. g4 {[%emt 0:00:40]} h5 {[%emt 0:00:28]} 31. b3 {[%emt 0:00:35]} Kh8 {[%emt 0:00:42]} 32. bxc4 {[%emt 0:00:27]} Qxa5 {[%emt 0:00:23]} 33. cxb5 {[%emt 0:00:44]} axb5 {[%emt 0:00:28]} 34. Nb3 {[%emt 0:00:35]} Qc7 {[%emt 0:00:08]} 35. Rxd8+ {[%emt 0:00:05]} Qxd8 {[%emt 0:00:03]} 36. Rd1 {[%emt 0:00:05]} Qb6 {[%emt 0:00:17]} 37. Qd2 {[%emt 0:00:33]} Kh7 {[%emt 0:00:18]} 38. h4 {[%emt 0:00:43]} Nxf3 {[%emt 0:01:36]} 39. Kxf3 {[%emt 0:01:46]} hxg4+ {[%emt 0:00:04]} 40. Ke2 {[%emt 0:00:11]} Bxe4 {[%emt 0:03:39]} 41. Bb1 {[%emt 0:00:21]} f3+ {[%emt 0:00:03]} 42. Kf1 {[%emt 0:00:08]} Bxb1 {[%emt 0:00:05]} 43. Rxb1 {[%emt 0:00:05]} Qg6 {[%emt 0:00:52]} 44. Rc1 {[%emt 0:00:44]} g3 {[%emt 0:00:17]} 45. Nc5 {[%emt 0:00:43]} Qg4 {[%emt 0:00:30]} 46. Qd7 {[%emt 0:01:41]} Qc4+ {[%emt 0:00:05]} 47. Qd3+ {[%emt 0:00:04]} Qxd3+ {[%emt 0:00:14]} 48. Nxd3 {[%emt 0:00:04]} e4 {[%emt 0:00:03]} 49. Nf4 {[%emt 0:00:06]} e3 {[%emt 0:00:10]} 50. c4 {[%emt 0:00:10]} bxc4 {[%emt 0:00:28]} 51. Rxc4 {[%emt 0:00:10]} Kg8 {[%emt 0:00:04]} 52. Re4 {[%emt 0:00:05]} 1-0

[Event "FIDE Online-ch U10 Girls 2020"]
[Site "Online"]
[Date "2020.12.19"]
[Round "1.2"]
[White "Ramazzotte, Esther Zilli"]
[Black "Alfano, Emilie"]
[Result "0-1"]
[WhiteElo "1155"]
[BlackElo "1621"]
[Annotator "NA"]
[PlyCount "88"]
[EventDate "2020.12.18"]
[EventType "k.o."]
[EventCountry "NET"]
[SourceTitle "playchess.com"]
[Source "ChessBase"]
[SourceQuality "1"]

1. d4 {[%emt 0:00:00]} d5 {[%emt 0:00:03]} 2. c4 {[%emt 0:00:03]} e6 {[%emt 0:00:02]} 3. Nc3 {[%emt 0:00:07]} Nf6 {[%emt 0:00:03]} 4. Nf3 {[%emt 0:00:07]} Be7 {[%emt 0:00:42]} 5. Bg5 {[%emt 0:00:06]} c6 {[%emt 0:00:10]} 6. e3 {[%emt 0:00:16]} Nbd7 {[%emt 0:00:19]} 7. cxd5 {[%emt 0:00:04]} exd5 {[%emt 0:00:03]} 8. Bd3 {[%emt 0:00:17]} h6 {[%emt 0:00:05]} 9. Bh4 {[%emt 0:00:06]} Nh5 {[%emt 0:00:09]} 10. Bxe7 {[%emt 0:00:19]} Qxe7 {[%emt 0:00:02]} 11. O-O {[%emt 0:00:09]} O-O {[%emt 0:00:06]} 12. Rc1 {[%emt 0:00:16]} Nhf6 {[%emt 0:00:09]} 13. Bb1 {[%emt 0:00:20]} Re8 {[%emt 0:00:09]} 14. Re1 {[%emt 0:00:12]} Nb6 {[%emt 0:00:05]} 15. b3 {[%emt 0:00:15]} Bg4 {[%emt 0:00:23]} 16. h3 {[%emt 0:00:19]} Bd7 {[%emt 0:00:30]} 17. Ne5 {[%emt 0:00:16]} Nc8 {[%emt 0:00:08]} 18. Qd3 {[%emt 0:00:18]} Nd6 {[%emt 0:00:12]} 19. Na4 {[%emt 0:00:24]} Nde4 {[%emt 0:00:23]} 20. f3 {[%emt 0:00:28]} Nd6 {[%emt 0:00:29]} 21. Nc5 {[%emt 0:01:10]} Bf5 {[%emt 0:00:53]} 22. Qd2 {[%emt 0:00:12]} Bxb1 {[%emt 0:00:04]} 23. Rxb1 {[%emt 0:00:03]} Rad8 {[%emt 0:00:31]} 24. a4 {[%emt 0:00:27]} Qc7 {[%emt 0:00:44]} 25. Rec1 {[%emt 0:00:17]} a5 {[%emt 0:00:14]} 26. b4 {[%emt 0:01:34]} axb4 {[%emt 0:00:04]} 27. Qxb4 {[%emt 0:00:11]} Rb8 {[%emt 0:00:15]} 28. Kf2 {[%emt 0:00:50]} Re7 {[%emt 0:00:18]} 29. Na6 {[%emt 0:00:24]} Qd8 {[%emt 0:01:35]} 30. Nxb8 {[%emt 0:00:04]} Qxb8 {[%emt 0:00:02]} 31. Nxc6 {[%emt 0:00:02]} Qc7 {[%emt 0:00:15]} 32. Nxe7+ {[%emt 0:00:03]} Qxe7 {[%emt 0:00:02]} 33. Qc5 {[%emt 0:00:17]} Nfe8 {[%emt 0:00:17]} 34. Rxb7 {[%emt 0:00:14]} Qxb7 {[%emt 0:00:16]} 35. a5 {[%emt 0:00:15]} Nc4 {[%emt 0:00:20]} 36. e4 {[%emt 0:00:33]} Qb2+ {[%emt 0:00:13]} 37. Kg3 {[%emt 0:00:15]} Qxc1 {[%emt 0:00:05]} 38. Qxd5 {[%emt 0:00:07]} Qe1+ {[%emt 0:00:29]} 39. Kh2 {[%emt 0:00:10]} Nxa5 {[%emt 0:00:20]} 40. Qa8 {[%emt 0:00:11]} Kf8 {[%emt 0:00:08]} 41. d5 {[%emt 0:00:09]} Qb4 {[%emt 0:00:05]} 42. Kh1 {[%emt 0:00:42]} Nb7 {[%emt 0:00:24]} 43. Qa1 {[%emt 0:00:14]} Qd6 {[%emt 0:00:20]} 44. Qa7 {[%emt 0:00:19]} Nc5 {[%emt 0:00:09]} 0-1

[Event "FIDE Online-ch U10 Girls 2020"]
[Site "Online"]
[Date "2020.12.19"]
[Round "1.2"]
[White "Hawas, Salma"]
[Black "Vidyarthi, Omya"]
[Result "0-1"]
[WhiteElo "1130"]
[BlackElo "1709"]
[Annotator "NA"]
[PlyCount "82"]
[EventDate "2020.12.18"]
[EventType "k.o."]
[EventCountry "NET"]
[SourceTitle "playchess.com"]
[Source "ChessBase"]
[SourceQuality "1"]

1. e4 {[%emt 0:00:00]} e5 {[%emt 0:00:06]} 2. Nf3 {[%emt 0:00:04]} Nc6 {[%emt 0:00:02]} 3. Bc4 {[%emt 0:00:03]} Bc5 {[%emt 0:00:03]} 4. c3 {[%emt 0:00:02]} Nf6 {[%emt 0:00:01]} 5. d4 {[%emt 0:00:04]} exd4 {[%emt 0:00:02]} 6. cxd4 {[%emt 0:00:02]} Bb4+ {[%emt 0:00:01]} 7. Nc3 {[%emt 0:00:03]} Nxe4 {[%emt 0:00:02]} 8. O-O {[%emt 0:00:03]} Bxc3 {[%emt 0:00:03]} 9. d5 {[%emt 0:00:07]} Ne5 {[%emt 0:00:05]} 10. bxc3 {[%emt 0:02:44]} Nxc4 {[%emt 0:00:20]} 11. Qd4 {[%emt 0:00:05]} O-O {[%emt 0:00:03]} 12. Qxe4 {[%emt 0:00:10]} Nd6 {[%emt 0:00:17]} 13. Qd3 {[%emt 0:00:05]} b6 {[%emt 0:00:10]} 14. Re1 {[%emt 0:01:05]} a5 {[%emt 0:00:25]} 15. Bf4 {[%emt 0:00:48]} Ba6 {[%emt 0:00:10]} 16. Qe3 {[%emt 0:00:33]} Nc4 {[%emt 0:00:21]} 17. Qe4 {[%emt 0:00:23]} Re8 {[%emt 0:00:26]} 18. Ne5 {[%emt 0:00:11]} Nxe5 {[%emt 0:00:12]} 19. Bxe5 {[%emt 0:00:03]} d6 {[%emt 0:00:06]} 20. Bf6 {[%emt 0:01:15]} Rxe4 {[%emt 0:00:09]} 21. Bxd8 {[%emt 0:00:04]} Rxe1+ {[%emt 0:00:02]} 22. Rxe1 {[%emt 0:00:05]} Rxd8 {[%emt 0:00:02]} 23. h3 {[%emt 0:00:12]} Bc4 {[%emt 0:00:02]} 24. a3 {[%emt 0:00:12]} Bxd5 {[%emt 0:00:01]} 25. Re7 {[%emt 0:01:01]} c5 {[%emt 0:00:07]} 26. Re2 {[%emt 0:05:59]} b5 {[%emt 0:00:08]} 27. Rd2 {[%emt 0:00:10]} Bc4 {[%emt 0:00:03]} 28. g3 {[%emt 0:00:56]} d5 {[%emt 0:00:07]} 29. h4 {[%emt 0:00:08]} b4 {[%emt 0:00:02]} 30. axb4 {[%emt 0:00:04]} axb4 {[%emt 0:00:01]} 31. cxb4 {[%emt 0:00:03]} cxb4 {[%emt 0:00:02]} 32. Rb2 {[%emt 0:00:03]} b3 {[%emt 0:00:02]} 33. Rb1 {[%emt 0:00:09]} d4 {[%emt 0:00:01]} 34. Rb2 {[%emt 0:01:46]} d3 {[%emt 0:00:03]} 35. Rd2 {[%emt 0:00:09]} b2 {[%emt 0:00:02]} 36. Rxb2 {[%emt 0:00:02]} d2 {[%emt 0:00:01]} 37. Rb1 {[%emt 0:00:06]} d1=R+ {[%emt 0:00:04]} 38. Rxd1 {[%emt 0:00:02]} Rxd1+ {[%emt 0:00:02]} 39. Kg2 {[%emt 0:00:03]} Bd5+ {[%emt 0:00:04]} 40. Kh2 {[%emt 0:00:03]} h5 {[%emt 0:00:01]} 41. Kh3 {[%emt 0:00:06]} Rh1# {[%emt 0:00:03]} 0-1

[Event "FIDE Online-ch U10 Girls 2020"]
[Site "Online"]
[Date "2020.12.19"]
[Round "1.3"]
[White "Vidyarthi, Omya"]
[Black "Hawas, Salma"]
[Result "1-0"]
[WhiteElo "1709"]
[BlackElo "1130"]
[Annotator "NA"]
[PlyCount "39"]
[EventDate "2020.12.18"]
[EventType "k.o."]
[EventCountry "NET"]
[SourceTitle "playchess.com"]
[Source "ChessBase"]
[SourceQuality "1"]

1. d4 {[%emt 0:00:00]} d5 {[%emt 0:00:04]} 2. Bf4 {[%emt 0:00:04]} Bf5 {[%emt 0:00:04]} 3. e3 {[%emt 0:00:03]} e6 {[%emt 0:00:03]} 4. Nd2 {[%emt 0:00:09]} Nf6 {[%emt 0:00:09]} 5. Ngf3 {[%emt 0:00:03]} Bd6 {[%emt 0:00:19]} 6. Bg3 {[%emt 0:00:06]} Bxg3 {[%emt 0:00:07]} 7. hxg3 {[%emt 0:00:02]} Nbd7 {[%emt 0:00:07]} 8. Bd3 {[%emt 0:00:11]} Bg6 {[%emt 0:00:04]} 9. Bxg6 {[%emt 0:00:10]} fxg6 {[%emt 0:00:10]} 10. c3 {[%emt 0:00:24]} O-O {[%emt 0:00:06]} 11. Qc2 {[%emt 0:00:25]} Qe7 {[%emt 0:00:21]} 12. O-O-O {[%emt 0:00:31]} c5 {[%emt 0:00:43]} 13. Rh4 {[%emt 0:00:34]} cxd4 {[%emt 0:01:43]} 14. exd4 {[%emt 0:00:08]} b5 {[%emt 0:01:10]} 15. Kb1 {[%emt 0:00:51]} Rac8 {[%emt 0:00:47]} 16. Qd3 {[%emt 0:00:27]} a6 {[%emt 0:00:14]} 17. Rdh1 {[%emt 0:00:18]} Rc7 {[%emt 0:00:23]} 18. Ng5 {[%emt 0:00:23]} Nh5 {[%emt 0:01:26]} 19. Rxh5 {[%emt 0:01:22]} gxh5 {[%emt 0:00:05]} 20. Qxh7# {[%emt 0:00:03]} 1-0